[Event "Doeberl Cup 61st"]
[Site "Canberra"]
[Date "2024.03.31"]
[Round "7"]
[White "Bayasgalan, Khishigbaatar"]
[Black "Sardana, Rishi"]
[Result "0-1"]
[WhiteElo "2183"]
[BlackElo "2476"]
[PlyCount "74"]
[EventDate "2024.03.28"]
[EventType "swiss"]
[EventRounds "9"]
[EventCountry "AUS"]
[SourceTitle "CB14_2024"]
[SourceDate "2024.04.01"]
[SourceVersion "1"]
[SourceVersionDate "2024.04.01"]
[SourceQuality "1"]

1. d4 Nf6 2. Nf3 e6 3. g3 b5 4. Bg2 Bb7 5. c4 bxc4 6. Qa4 c5 7. Qxc4 cxd4 8. Qxd4 Nc6 9. Qd1 Bb4+ 10. Bd2 a5 11. 0-0 0-0 12. a3 Be7 13. Nc3 Ba6 14. Na4 Bb5 15. Nc3 Ba6 16. Na4 Nd5 17. Re1 Rb8 18. e4 Nb6 19. Nxb6 Qxb6 20. Bc3 Bc5 21. Qd2 h6 22. Bf1 Bxf1 23. Rxf1 Rbd8 24. e5 d6 25. exd6 Rxd6 26. Qf4 Rfd8 27. Ne5 Nxe5 28. Qxe5 f6 29. Qe1 R8d7 30. Bxa5 Qxb2 31. a4 Qb3 32. Qb1 Bxf2+ 33. Kg2 Qd5+ 34. Kxf2 Qc5+ 35. Kg2 Rd2+ 36. Bxd2 Rxd2+ 37. Kf3 Qh5+ 0-1

[Event "Arandjelovac ASK-13 IM"]
[Site "Arandjelovac"]
[Date "2023.12.24"]
[Round "9"]
[White "Pikula, Dejan"]
[Black "Bayasgalan, Khishigbaatar"]
[Result "1-0"]
[WhiteElo "2336"]
[BlackElo "2071"]
[PlyCount "59"]
[EventDate "2023.12.18"]
[EventType "tourn"]
[EventRounds "9"]
[EventCountry "SRB"]
[SourceTitle "CB52_2023"]
[SourceDate "2023.12.27"]
[SourceVersion "1"]
[SourceVersionDate "2023.12.27"]
[SourceQuality "1"]

1. e4 c5 2. Nf3 e6 3. g3 Nc6 4. Bg2 e5 5. 0-0 d6 6. c3 Bg4 7. h3 Bxf3 8. Bxf3 g6 9. h4 Bg7 10. a3 Nf6 11. b4 cxb4 12. axb4 d5 13. exd5 Nxd5 14. Qb3 Nce7 15. Ra5 Nf6 16. Rxe5 0-0 17. Bxb7 Rb8 18. Bf3 Nd7 19. Re2 Nf5 20. Qd5 Rb6 21. d4 Rd6 22. Qa5 Nb6 23. Bg5 Qd7 24. Bf4 Re6 25. Bg4 Qb7 26. Rfe1 Nd5 27. Bf3 Nfe7 28. Bg5 Ra6 29. Rxe7 Qxe7 30. Bxe7 1-0

[Event "Arandjelovac ASK-13 IM"]
[Site "Arandjelovac"]
[Date "2023.12.22"]
[Round "6"]
[White "Bayasgalan, Khishigbaatar"]
[Black "Vlajkovic, Stanko"]
[Result "1/2-1/2"]
[WhiteElo "2071"]
[BlackElo "2233"]
[PlyCount "20"]
[EventDate "2023.12.18"]
[EventType "tourn"]
[EventRounds "9"]
[EventCountry "SRB"]
[SourceTitle "CB52_2023"]
[SourceDate "2023.12.27"]
[SourceVersion "1"]
[SourceVersionDate "2023.12.27"]
[SourceQuality "1"]

1. d4 Nf6 2. c4 e6 3. Nf3 d5 4. g3 dxc4 5. Qa4+ Bd7 6. Qxc4 b5 7. Qd3 c5 8. dxc5 Bxc5 9. Bg2 Qb6 10. 0-0 Bc6 1/2-1/2

[Event "Arandjelovac ASK-13 IM"]
[Site "Arandjelovac"]
[Date "2023.12.20"]
[Round "4"]
[White "Bayasgalan, Khishigbaatar"]
[Black "Ilincic, Zlatko"]
[Result "1/2-1/2"]
[WhiteElo "2071"]
[BlackElo "2302"]
[PlyCount "50"]
[EventDate "2023.12.18"]
[EventType "tourn"]
[EventRounds "9"]
[EventCountry "SRB"]
[SourceTitle "CB52_2023"]
[SourceDate "2023.12.27"]
[SourceVersion "1"]
[SourceVersionDate "2023.12.27"]
[SourceQuality "1"]

1. d4 Nf6 2. c4 e6 3. g3 Bb4+ 4. Bd2 c5 5. Bxb4 cxb4 6. Nf3 0-0 7. Bg2 a5 8. 0-0 b6 9. a3 Na6 10. Ne5 d5 11. Nd2 Bb7 12. Nd3 Qe7 13. a4 Rac8 14. Rc1 Rfd8 15. e3 Ne4 16. cxd5 exd5 17. Nf4 Rxc1 18. Qxc1 Rc8 19. Qd1 Qd7 20. Bh3 f5 21. Nf3 Rf8 22. Ne5 Qe8 23. Qc2 g5 24. Nfd3 Qh5 25. Bg2 Rc8 1/2-1/2

[Event "Arandjelovac ASK-11 IM"]
[Site "Arandjelovac"]
[Date "2023.12.05"]
[Round "2"]
[White "Vojinovic, Luka"]
[Black "Bayasgalan, Khishigbaatar"]
[Result "1/2-1/2"]
[WhiteElo "2243"]
[BlackElo "2071"]
[PlyCount "167"]
[EventDate "2023.12.04"]
[EventType "tourn"]
[EventRounds "9"]
[EventCountry "SRB"]
[SourceTitle "CB51_2023"]
[SourceDate "2023.12.20"]
[SourceVersion "1"]
[SourceVersionDate "2023.12.20"]
[SourceQuality "1"]

1. d4 Nf6 2. c4 e6 3. Nc3 Bb4 4. f3 d5 5. a3 Bxc3+ 6. bxc3 c5 7. cxd5 Nxd5 8. dxc5 0-0 9. e4 Nf6 10. Qxd8 Rxd8 11. Rb1 Nc6 12. Be3 e5 13. Ne2 Rb8 14. Ng3 Be6 15. Kf2 Nd7 16. Bb5 Rbc8 17. Rhd1 Na5 18. Rd6 a6 19. Bxd7 Rxd7 20. Nf5 Rdc7 21. Rbd1 h6 22. Rd8+ Rxd8 23. Rxd8+ Kh7 24. Nd6 Nb3 25. Rb8 Nxc5 26. Bxc5 Rxc5 27. Rxb7 Kg6 28. Rb6 Ra5 29. Nc4 Rc5 30. Ne3 Ra5 31. Nc2 Rc5 32. Rxa6 Rxc3 33. Ne3 h5 34. h4 Kh6 35. Ra5 f6 36. Ra6 Bc8 37. Ra7 g5 38. hxg5+ Kxg5 39. a4 h4 40. Rg7+ Kh6 41. Rf7 Kg5 42. Nd5 Rc2+ 43. Kg1 Rc1+ 44. Kh2 f5 45. Rg7+ Kh6 46. Re7 fxe4 47. fxe4 Ra1 48. Rxe5 Ra2 49. Kg1 Rxa4 50. Kf2 h3 51. gxh3 Bxh3 52. Kg3 Ra3+ 53. Kf4 Ra6 54. Re8 Kg7 55. Ne3 Be6 56. Ke5 Kf7 57. Rb8 Ra5+ 58. Kf4 Ra4 59. Rb7+ Kf6 60. Rb6 Ke7 61. Rb5 Kf6 62. Rh5 Kg6 63. Rh2 Kf6 64. Rh6+ Ke7 65. Ke5 Ra5+ 66. Nd5+ Bxd5 67. exd5 Ra1 68. Rh7+ Ke8 69. Ke6 Re1+ 70. Kd6 Rd1 71. Rh8+ Kf7 72. Rb8 Rd2 73. Rb5 Ke8 74. Rb8+ Kf7 75. Kc6 Ke7 76. Rb7+ Kd8 77. Kd6 Kc8 78. Rc7+ Kd8 79. Rc5 Rd1 80. Kc6 Kc8 81. d6 Kd8 82. d7 Rxd7 83. Rd5 Rxd5 84. Kxd5 1/2-1/2

[Event "Arandjelovac ASK-11 IM"]
[Site "Arandjelovac"]
[Date "2023.12.04"]
[Round "1"]
[White "Bayasgalan, Khishigbaatar"]
[Black "Sredojevic, Ivan"]
[Result "1/2-1/2"]
[WhiteElo "2071"]
[BlackElo "2267"]
[PlyCount "79"]
[EventDate "2023.12.04"]
[EventType "tourn"]
[EventRounds "9"]
[EventCountry "SRB"]
[SourceTitle "CB51_2023"]
[SourceDate "2023.12.20"]
[SourceVersion "1"]
[SourceVersionDate "2023.12.20"]
[SourceQuality "1"]

1. d4 Nf6 2. c4 e6 3. Nf3 d5 4. g3 Be7 5. Bg2 0-0 6. 0-0 dxc4 7. Qc2 a6 8. a4 Bd7 9. Qxc4 Bc6 10. Bg5 Nbd7 11. Rd1 h6 12. Bxf6 Nxf6 13. Nc3 Bd5 14. Qd3 Bxf3 15. Bxf3 c6 16. e4 a5 17. d5 cxd5 18. exd5 exd5 19. Nxd5 Nxd5 20. Bxd5 Qb6 21. b3 Bc5 22. Qf3 Rad8 23. Kg2 Rd6 24. Qd3 Rfd8 25. Qc4 R8d7 26. Rd3 Qd8 27. Rad1 b6 28. Be4 Qf6 29. Rxd6 Qxf2+ 30. Kh3 Rxd6 31. Rxd6 Bxd6 32. Qc8+ Bf8 33. Qf5 Qxf5+ 34. Bxf5 g6 35. Bd3 Bd6 36. g4 Kg7 37. Kg2 Kf6 38. Bc4 Bb4 39. h3 Be1 40. Kf3 1/2-1/2

[Event "Ulaanbaatar MICA op"]
[Site "Ulaanbaatar"]
[Date "2023.10.29"]
[Round "3"]
[White "Bayasgalan, Khishigbaatar"]
[Black "Rudovskii, Filipp"]
[Result "0-1"]
[WhiteElo "1983"]
[BlackElo "2037"]
[PlyCount "102"]
[EventDate "2023.10.27"]
[EventType "swiss"]
[EventRounds "9"]
[EventCountry "MGL"]
[SourceTitle "CB48_2023"]
[SourceDate "2023.11.29"]
[SourceVersion "1"]
[SourceVersionDate "2023.11.29"]
[SourceQuality "1"]

1. d4 Nf6 2. c4 e6 3. Nf3 Bb4+ 4. Bd2 Qe7 5. g3 Bxd2+ 6. Nbxd2 d6 7. Bg2 0-0 8. 0-0 e5 9. e4 exd4 10. Nxd4 Nc6 11. Nxc6 bxc6 12. Re1 Rb8 13. b3 Bb7 14. Nf1 Rfe8 15. Ne3 Qe5 16. Rb1 Nxe4 17. Ng4 Qf5 18. Qe2 d5 19. c5 Re6 20. Ne3 Qf6 21. Rbc1 Rbe8 22. Bh3 R6e7 23. Ng4 Qd4 24. Kg2 h5 25. Ne3 Nxf2 26. Qxf2 Rxe3 27. Rxe3 Rxe3 28. Rf1 f6 29. Bf5 Qe5 30. Qf4 Re2+ 31. Kh1 g5 32. Qxe5 Rxe5 33. Bg6 h4 34. gxh4 gxh4 35. Bd3 Re3 36. Rg1+ Kf7 37. Bg6+ Ke6 38. Rg4 h3 39. Kg1 Ke5 40. Rb4 Bc8 41. Rb8 Bg4 42. Kf1 f5 43. Rc8 Rc3 44. b4 d4 45. Rxc7 d3 46. Rd7 Ke4 47. Rd6 Rc1+ 48. Kf2 Rc2+ 49. Ke1 Re2+ 50. Kf1 d2 51. Re6+ Kf4 0-1

[Event "Daqing Boyi Cup-A"]
[Site "Daqing"]
[Date "2023.08.14"]
[Round "4"]
[White "Bayasgalan, Khishigbaatar"]
[Black "Bulgankhan, Ganzorig"]
[Result "0-1"]
[WhiteElo "1959"]
[BlackElo "2092"]
[PlyCount "68"]
[EventDate "2023.08.13"]
[EventType "swiss"]
[EventRounds "9"]
[EventCountry "CHN"]
[SourceTitle "EXT 2024"]
[Source "ChessBase"]
[SourceDate "2023.10.10"]
[SourceVersion "1"]
[SourceVersionDate "2023.10.10"]
[SourceQuality "1"]

1. d4 Nf6 2. c4 c5 3. d5 e6 4. Nc3 exd5 5. cxd5 d6 6. e4 g6 7. g3 Bg7 8. Bg2 0-0 9. Nge2 Na6 10. 0-0 Rb8 11. a4 Nb4 12. Bd2 a6 13. a5 Re8 14. Qb1 b6 15. axb6 Qxb6 16. Na4 Qd8 17. Nec3 a5 18. Re1 Ba6 19. Bf1 Bxf1 20. Kxf1 Ng4 21. Qd1 h5 22. h3 Ne5 23. b3 h4 24. Nb2 Qf6 25. Kg2 Ned3 26. Nxd3 Nxd3 27. Rf1 c4 28. bxc4 Qd4 29. Qf3 Ne5 30. Qe2 Nxc4 31. Be1 Rb2 32. Qf3 Ne3+ 33. Kg1 Nxf1 34. Kxf1 Rb3 0-1

[Event "Daqing Boyi Cup-A"]
[Site "Daqing"]
[Date "2023.08.13"]
[Round "1"]
[White "Zhang, Di"]
[Black "Bayasgalan, Khishigbaatar"]
[Result "1-0"]
[WhiteElo "2325"]
[BlackElo "1959"]
[PlyCount "79"]
[EventDate "2023.08.13"]
[EventType "swiss"]
[EventRounds "9"]
[EventCountry "CHN"]
[SourceTitle "EXT 2024"]
[Source "ChessBase"]
[SourceDate "2023.10.10"]
[SourceVersion "1"]
[SourceVersionDate "2023.10.10"]
[SourceQuality "1"]

1. e4 c5 2. g3 Nc6 3. Bg2 d6 4. Ne2 g6 5. c3 Bg7 6. 0-0 e5 7. d3 Nge7 8. Be3 0-0 9. f4 f5 10. Nd2 Be6 11. Nf3 Qc8 12. fxe5 Nxe5 13. Nf4 fxe4 14. dxe4 Bc4 15. Qxd6 Bxf1 16. Rxf1 Nc4 17. Qxc5 b6 18. Qxc8 Raxc8 19. Bc1 Ne5 20. Ng5 Rc6 21. Nge6 Re8 22. Bh3 Nc8 23. Be3 Bh6 24. Bd4 Nf7 25. b4 Ncd6 26. Nd5 Nxe4 27. Nec7 Rxc7 28. Nxc7 Rf8 29. Be6 Ned6 30. Bb3 Nf5 31. g4 N5d6 32. h4 Bd2 33. Nd5 Rd8 34. Nf6+ Kf8 35. Nxh7+ Ke8 36. Rf2 Bc1 37. Re2+ Kd7 38. Nf6+ Kc6 39. Re7 Nh6 40. Bd5+ 1-0

[Event "Asian Continental (Women) op 20th"]
[Site "Almaty"]
[Date "2023.06.11"]
[Round "9"]
[White "Bayasgalan, Khishigbaatar"]
[Black "Mohammadi, Melika"]
[Result "1/2-1/2"]
[WhiteElo "1811"]
[BlackElo "2062"]
[PlyCount "48"]
[EventDate "2023.06.04"]
[EventType "swiss"]
[EventRounds "9"]
[EventCountry "KAZ"]
[SourceTitle "CBM 214 Extra"]
[Source "ChessBase"]
[SourceDate "2023.07.31"]
[SourceVersion "1"]
[SourceVersionDate "2023.07.31"]
[SourceQuality "1"]

1. d4 Nf6 2. c4 e6 3. Nf3 d5 4. g3 dxc4 5. Bg2 a6 6. a4 c5 7. 0-0 cxd4 8. Nxd4 e5 9. Nf3 Qc7 10. Nc3 h6 11. Nd5 Nxd5 12. Qxd5 Nc6 13. Qxc4 Be6 14. Qc2 Bd6 15. Rd1 0-0 16. e4 Rfd8 17. Be3 Rac8 18. Rac1 Qa5 19. Qe2 Qxa4 20. Nh4 Nd4 21. Qh5 Rxc1 22. Rxc1 Bd7 23. h3 Be7 24. Kh2 Ne6 1/2-1/2

[Event "Asian Continental (Women) op 20th"]
[Site "Almaty"]
[Date "2023.06.08"]
[Round "6"]
[White "Kholyavko, Mariya"]
[Black "Bayasgalan, Khishigbaatar"]
[Result "0-1"]
[WhiteElo "1579"]
[BlackElo "1811"]
[PlyCount "80"]
[EventDate "2023.06.04"]
[EventType "swiss"]
[EventRounds "9"]
[EventCountry "KAZ"]
[SourceTitle "CBM 214 Extra"]
[Source "ChessBase"]
[SourceDate "2023.07.31"]
[SourceVersion "1"]
[SourceVersionDate "2023.07.31"]
[SourceQuality "1"]

1. e4 c5 2. Nf3 e6 3. d4 cxd4 4. Nxd4 a6 5. Nc3 Qc7 6. Bd3 Nf6 7. 0-0 b5 8. Qe2 d6 9. Kh1 Be7 10. f4 Nbd7 11. Bd2 b4 12. Nd1 Rb8 13. Nf2 Qb6 14. c3 Bb7 15. Rae1 bxc3 16. Bxc3 h5 17. Bb1 h4 18. Nh3 Nh5 19. Qf2 a5 20. e5 Ba6 21. exd6 Qxd6 22. f5 e5 23. Nf3 Bxf1 24. Qxf1 Bf6 25. Qc4 0-0 26. Qg4 Nf4 27. Nhg5 Bxg5 28. Nxg5 Qh6 29. f6 Nxf6 30. Qf5 Rfe8 31. Rxe5 Qg6 32. h3 Qxf5 33. Rxf5 Ne2 34. Be5 Ng3+ 35. Bxg3 hxg3 36. Rf1 Rxb2 37. Bd3 Rc8 38. Rd1 Rd2 39. Rxd2 Rc1+ 40. Bf1 Rxf1# 0-1

[Event "Asian Continental (Women) op 20th"]
[Site "Almaty"]
[Date "2023.06.06"]
[Round "3"]
[White "Makhija, Aashna"]
[Black "Bayasgalan, Khishigbaatar"]
[Result "1-0"]
[WhiteElo "2126"]
[BlackElo "1811"]
[PlyCount "135"]
[EventDate "2023.06.04"]
[EventType "swiss"]
[EventRounds "9"]
[EventCountry "KAZ"]
[SourceTitle "CBM 214 Extra"]
[Source "ChessBase"]
[SourceDate "2023.07.31"]
[SourceVersion "1"]
[SourceVersionDate "2023.07.31"]
[SourceQuality "1"]

1. e4 c5 2. Nf3 e6 3. c3 d5 4. exd5 Qxd5 5. d4 Nc6 6. Na3 cxd4 7. Nb5 Bd6 8. Bc4 Qe4+ 9. Be3 Bb8 10. Bd3 Qd5 11. Nbxd4 Nge7 12. Nxc6 Nxc6 13. Qc2 f5 14. 0-0 0-0 15. Rfd1 Ne7 16. Qe2 Qc6 17. Bc4 Ng6 18. b4 b6 19. b5 Qc7 20. Bd4 Kh8 21. Re1 Nf4 22. Qf1 Bb7 23. Be5 Qc5 24. Bxf4 Bxf4 25. Nd4 Qd6 26. g3 Bd2 27. Rxe6 Qa3 28. Bb3 Bxc3 29. Rd1 f4 30. Nc6 fxg3 31. hxg3 Bc8 32. Re3 Bf6 33. Qc4 Bh3 34. Bc2 Qc5 35. Qxc5 bxc5 36. Kh2 Bg4 37. Rd2 h5 38. f4 c4 39. Ne5 Bxe5 40. Rxe5 Rfd8 41. Rxd8+ Rxd8 42. Kg1 Kg8 43. Rc5 Be6 44. Bg6 Kf8 45. a4 Rc8 46. Rxc8+ Bxc8 47. Kf2 Bg4 48. Ke3 c3 49. Kd3 Bd1 50. a5 c2 51. Kd2 Ke7 52. Bxc2 Bf3 53. Ke3 Bg2 54. Be4 Bf1 55. Bd3 Bg2 56. Be2 Kd6 57. Kd4 Bh3 58. Bf3 Bf1 59. b6 axb6 60. axb6 Bh3 61. b7 Kc7 62. Ke5 Bd7 63. f5 Kb8 64. Bg2 Kc7 65. Be4 Kb8 66. Kd6 Ba4 67. Ke7 Bb3 68. Kf8 1-0

[Event "Asian Continental blitz (Women) op 20th"]
[Site "Almaty"]
[Date "2023.06.03"]
[Round "2"]
[White "Munkhzul, Turmunkh"]
[Black "Bayasgalan, Khishigbaatar"]
[Result "1-0"]
[WhiteElo "2318"]
[BlackElo "1811"]
[PlyCount "81"]
[EventDate "2023.06.03"]
[EventType "swiss (blitz)"]
[EventRounds "9"]
[EventCountry "KAZ"]
[SourceTitle "CBM 214 Extra"]
[Source "ChessBase"]
[SourceDate "2023.07.31"]
[SourceVersion "1"]
[SourceVersionDate "2023.07.31"]
[SourceQuality "1"]

1. e4 c5 2. d4 cxd4 3. c3 dxc3 4. Nxc3 Nc6 5. Nf3 e6 6. Bc4 a6 7. 0-0 d6 8. Be3 Nf6 9. Rc1 Be7 10. Bd3 Ne5 11. Nxe5 dxe5 12. Na4 Nd7 13. Qg4 0-0 14. Rfd1 Qa5 15. Nc3 Nf6 16. Qg3 Nh5 17. Qf3 Nf6 18. Bd2 Qd8 19. Qg3 Bd6 20. Bg5 Qe7 21. Be2 Bb4 22. a3 Bc5 23. Na4 Bd4 24. Rc7 Qd8 25. Nb6 Kh8 26. Nxa8 b5 27. Rdc1 Bd7 28. Bxf6 gxf6 29. Qf3 Rg8 30. g3 Rg6 31. a4 bxa4 32. Bxa6 Bxb2 33. Rc8 Bxc8 34. Rxc8 Qxc8 35. Bxc8 a3 36. Qb3 Rg8 37. Nb6 Rd8 38. Kg2 Kg7 39. Ba6 Rd2 40. Nc4 Re2 41. Nxb2 1-0

[Event "MGL-ch (Women)"]
[Site "Ulaanbaatar"]
[Date "2023.05.29"]
[Round "10"]
[White "Altantuya, Boldbaatar"]
[Black "Bayasgalan, Khishigbaatar"]
[Result "0-1"]
[WhiteElo "2191"]
[BlackElo "1811"]
[PlyCount "116"]
[EventDate "2023.05.20"]
[EventType "tourn"]
[EventRounds "11"]
[EventCountry "MGL"]
[SourceTitle "CBM 214 Extra"]
[Source "ChessBase"]
[SourceDate "2023.07.31"]
[SourceVersion "1"]
[SourceVersionDate "2023.07.31"]
[SourceQuality "1"]

1. d4 e6 2. c4 b6 3. Nc3 Bb7 4. Nf3 f5 5. g3 Nf6 6. Bg2 Bb4 7. 0-0 Bxc3 8. bxc3 Be4 9. Ba3 d6 10. Ng5 Bxg2 11. Kxg2 Qe7 12. c5 0-0 13. Qb3 Re8 14. Rad1 Nc6 15. Qa4 Na5 16. Bb4 Nd5 17. Nf3 Nb7 18. cxd6 cxd6 19. c4 Nf6 20. Rd3 Rec8 21. Rc1 Ne4 22. Nd2 e5 23. Qb5 Nf6 24. dxe5 Qxe5 25. Re1 Nc5 26. Re3 Nfe4 27. Bxc5 Rxc5 28. Qd7 Rf8 29. Qxa7 Qf6 30. Nf3 g5 31. Qxb6 g4 32. Nh4 Nxf2 33. Rf1 Nh3 34. Qb7 Rf7 35. Qb8+ Kg7 36. Re8 Re5 37. Rg8+ Kh6 38. Qb2 Qe7 39. Qd2+ f4 40. Kh1 Rxe2 41. Qd3 Nf2+ 42. Rxf2 Rxf2 43. Rg6+ Kh5 44. Qd5+ Qe5 45. Rxd6 Qxd5+ 46. Rxd5+ Kh6 47. Nf5+ Kg6 48. Nh4+ Kf6 49. Rf5+ Ke6 50. Rxf7 Kxf7 51. gxf4 Rxf4 52. c5 Kf6 53. Kg2 Kg5 54. Kg3 Rc4 55. Ng2 Rc3+ 56. Kf2 Rxc5 57. Kg3 Rc3+ 58. Kf2 Ra3 0-1

[Event "MGL-ch (Women)"]
[Site "Ulaanbaatar"]
[Date "2023.05.26"]
[Round "7"]
[White "Bayasgalan, Khishigbaatar"]
[Black "Udval, Enkhsaikhan"]
[Result "1/2-1/2"]
[WhiteElo "1811"]
[BlackElo "1682"]
[PlyCount "86"]
[EventDate "2023.05.20"]
[EventType "tourn"]
[EventRounds "11"]
[EventCountry "MGL"]
[SourceTitle "CBM 214 Extra"]
[Source "ChessBase"]
[SourceDate "2023.07.31"]
[SourceVersion "1"]
[SourceVersionDate "2023.07.31"]
[SourceQuality "1"]

1. c4 e6 2. Nc3 d5 3. e3 Nf6 4. Nf3 c6 5. b3 Nbd7 6. Bb2 Bd6 7. g4 Nxg4 8. Rg1 Nge5 9. Rxg7 Ng6 10. cxd5 exd5 11. Nxd5 cxd5 12. Rxg6 hxg6 13. Bxh8 f6 14. Nh4 Ne5 15. Nxg6 Bg4 16. Bb5+ Kf7 17. Nxe5+ Bxe5 18. Qxg4 Bxa1 19. Qg7+ Ke6 20. Qxb7 Rb8 21. Qc6+ Kf7 22. Bd3 Rc8 23. Qb5 Rc7 24. Bf5 Qxh8 25. Qxd5+ Ke7 26. Qe6+ Kf8 27. Qd6+ Re7 28. Bg6 Be5 29. Qd8+ Kg7 30. Qxe7+ Kxg6 31. f4 Qh4+ 32. Kd1 Qg4+ 33. Kc2 Qc8+ 34. Kb1 Qf5+ 35. Kc1 Qc8+ 36. Kd1 Qg4+ 37. Kc2 Qc8+ 38. Kb1 Qf5+ 39. Kc1 Qc8+ 40. Kd1 Qg4+ 41. Ke1 Qg1+ 42. Ke2 Qg2+ 43. Kd3 Qd5+ 1/2-1/2

[Event "Wch Blitz (Women)"]
[Site "Almaty"]
[Date "2022.12.30"]
[Round "17"]
[White "Bayasgalan, Khishigbaatar"]
[Black "Sultanbek, Zeinep"]
[Result "1/2-1/2"]
[WhiteElo "1840"]
[BlackElo "1924"]
[PlyCount "214"]
[EventDate "2022.12.29"]
[EventType "swiss (blitz)"]
[EventRounds "17"]
[EventCountry "KAZ"]
[SourceTitle "CBM 211 Extra"]
[Source "ChessBase"]
[SourceDate "2023.01.31"]
[SourceVersion "1"]
[SourceVersionDate "2023.01.31"]
[SourceQuality "1"]

1. d4 Nf6 2. Nc3 d5 3. Bg5 Nbd7 4. f3 c5 5. Bxf6 Nxf6 6. e4 dxe4 7. dxc5 e6 8. Qxd8+ Kxd8 9. b4 exf3 10. Nxf3 a5 11. 0-0-0+ Kc7 12. Nb5+ Kb8 13. a3 axb4 14. Rd8 bxa3 15. Kb1 a2+ 16. Ka1 Nd5 17. Bc4 Nb4 18. Rc1 g6 19. c3 Bg7 20. Rxh8 Bxh8 21. Nbd4 e5 22. Nb5 e4 23. Nfd4 Nd3 24. Rd1 Nxc5 25. Bxf7 Bg4 26. Re1 Bf5 27. Bxa2 Na4 28. Re3 Bg7 29. g4 Bh6 30. Re1 Bxg4 31. Rxe4 Bd7 32. Re7 Kc8 33. Rxh7 Bd2 34. Nd6+ Kc7 35. N6b5+ Kd8 36. Rh8+ Be8 37. Rxe8+ Kxe8 38. Nc7+ Kd7 39. Nxa8 Bxc3+ 40. Kb1 Bxd4 41. Bb3 Nc5 42. Bf7 Ne4 43. Bxg6 Nf6 44. Kc2 b5 45. Kd3 Bf2 46. Bf7 Kc8 47. Kc3 Kb7 48. Kb4 Kxa8 49. Kxb5 Kb7 50. Kc4 Kc6 51. Kd3 Kd7 52. Ke2 Bh4 53. Kf3 Ke7 54. Ba2 Kf8 55. Kf4 Kg7 56. Kf5 Bf2 57. Kg5 Be3+ 58. Kf5 Bf2 59. Bb3 Bg1 60. h3 Bf2 61. Bd1 Ng8 62. Kg5 Be3+ 63. Kf5 Nh6+ 64. Ke4 Bg5 65. Bg4 Nf7 66. Kf5 Kh6 67. Ke6 Kg7 68. Bh5 Nd8+ 69. Kd7 Nb7 70. Ke6 Kh6 71. Bf3 Nc5+ 72. Kf5 Nd3 73. Kg4 Ne5+ 74. Kg3 Bd2 75. Be4 Kg5 76. h4+ Kh6 77. Bc2 Be1+ 78. Kh3 Nc4 79. Ba4 Ne3 80. Be8 Nf5 81. h5 Kg5 82. Kg2 Ng7 83. Bg6 Ne6 84. Kf3 Bc3 85. Ke4 Bf6 86. Kd5 Nf4+ 87. Ke4 Ne6 88. Kd5 Nf8 89. Ke4 Nd7 90. Kd5 Ne5 91. Ke4 Nc6 92. Kd5 Nb4+ 93. Ke6 Bg7 94. Kf7 Kh6 95. Ke6 Nc6 96. Kd6 Nd4 97. Kd5 Kg5 98. Ke4 Ne6 99. Kd5 Nf4+ 100. Ke4 Kg4 101. Bf5+ Kg3 102. Bg6 Nh3 103. Kf5 Nf4 104. Be8 Bh6 105. Bg6 Kh4 106. Ke4 Nxh5 107. Bxh5 Kxh5 1/2-1/2

[Event "Wch Blitz (Women)"]
[Site "Almaty"]
[Date "2022.12.30"]
[Round "14"]
[White "Foudzi, Sitii Zulaikha"]
[Black "Bayasgalan, Khishigbaatar"]
[Result "1-0"]
[WhiteElo "2136"]
[BlackElo "1840"]
[PlyCount "65"]
[EventDate "2022.12.29"]
[EventType "swiss (blitz)"]
[EventRounds "17"]
[EventCountry "KAZ"]
[SourceTitle "CBM 211 Extra"]
[Source "ChessBase"]
[SourceDate "2023.01.31"]
[SourceVersion "1"]
[SourceVersionDate "2023.01.31"]
[SourceQuality "1"]

1. e4 c5 2. Nf3 e6 3. d4 cxd4 4. Nxd4 a6 5. c4 Nf6 6. Nc3 Qc7 7. f3 Be7 8. Be3 d6 9. Be2 Nbd7 10. 0-0 b6 11. b4 Bb7 12. Qd2 h5 13. a4 h4 14. Rfc1 Ne5 15. a5 bxa5 16. b5 h3 17. g3 axb5 18. cxb5 Qd8 19. b6 0-0 20. Ndb5 Nfd7 21. Nc7 Rb8 22. f4 Ng6 23. Rxa5 Bc6 24. N3d5 Bxd5 25. exd5 Nxb6 26. dxe6 Na8 27. exf7+ Kh7 28. Rxa8 Rxa8 29. Nxa8 Qxa8 30. Bc4 Qf3 31. Qf2 Qg4 32. Rf1 Nh4 33. Bd5 1-0

[Event "Wch Blitz (Women)"]
[Site "Almaty"]
[Date "2022.12.30"]
[Round "11"]
[White "Lhotska, Anna"]
[Black "Bayasgalan, Khishigbaatar"]
[Result "1-0"]
[WhiteElo "2196"]
[BlackElo "1840"]
[PlyCount "141"]
[EventDate "2022.12.29"]
[EventType "swiss (blitz)"]
[EventRounds "17"]
[EventCountry "KAZ"]
[SourceTitle "CBM 211 Extra"]
[Source "ChessBase"]
[SourceDate "2023.01.31"]
[SourceVersion "1"]
[SourceVersionDate "2023.01.31"]
[SourceQuality "1"]

1. e4 c5 2. Nf3 e6 3. d4 cxd4 4. Nxd4 a6 5. Nc3 Qc7 6. g3 Nf6 7. Bg2 d6 8. 0-0 Be7 9. Re1 Nc6 10. Nxc6 bxc6 11. e5 dxe5 12. Rxe5 0-0 13. Re1 Rd8 14. Qe2 Bb7 15. Bf4 Qa5 16. Qe5 Qxe5 17. Bxe5 Nd5 18. Na4 a5 19. Rad1 h6 20. a3 Ba6 21. b3 Bb5 22. c4 Bxa4 23. bxa4 Nb6 24. Bxc6 Rxd1 25. Rxd1 Rc8 26. Bb5 Nxc4 27. Rc1 Nb6 28. Rxc8+ Nxc8 29. Bc7 Bxa3 30. Bxa5 Nd6 31. Bc6 Nc4 32. Bc3 Bc5 33. Bb5 Nd6 34. Bd3 Kf8 35. a5 Ke7 36. Kf1 Kd7 37. Ke2 Kc6 38. Bxg7 h5 39. Bc3 f5 40. Kf3 Nf7 41. Bc4 Kd6 42. a6 Ng5+ 43. Ke2 Ne4 44. Be1 Ba7 45. f3 Nf6 46. Bb4+ Kd7 47. Bb5+ Kc7 48. Bc4 Kd7 49. Kd3 Ne8 50. Bb5+ Kd8 51. Kc4 Nc7 52. Bc5 Bb8 53. Bb6 Kc8 54. Kc5 Na8 55. a7 Be5 56. Bc6 Nxb6 57. Kxb6 Bd4+ 58. Ka6 Bxa7 59. Kxa7 Kc7 60. Bb7 e5 61. Ba8 Kd6 62. Kb6 f4 63. gxf4 exf4 64. h3 Ke5 65. Kc5 Kf5 66. Kd5 Kg5 67. Bb7 Kh4 68. Bc8 Kg3 69. Ke4 h4 70. Bd7 Kh2 71. Kxf4 1-0

[Event "Wch Blitz (Women)"]
[Site "Almaty"]
[Date "2022.12.29"]
[Round "1"]
[White "Balajayeva, Khanim Asad Qizi"]
[Black "Bayasgalan, Khishigbaatar"]
[Result "0-1"]
[WhiteElo "2284"]
[BlackElo "1840"]
[PlyCount "116"]
[EventDate "2022.12.29"]
[EventType "swiss (blitz)"]
[EventRounds "17"]
[EventCountry "KAZ"]
[SourceTitle "CBM 211 Extra"]
[Source "ChessBase"]
[SourceDate "2023.01.31"]
[SourceVersion "1"]
[SourceVersionDate "2023.01.31"]
[SourceQuality "1"]

1. e4 c5 2. c3 d5 3. exd5 Qxd5 4. d4 Nc6 5. Nf3 Nf6 6. dxc5 Qxd1+ 7. Kxd1 Bf5 8. Be3 Nd5 9. Nd4 Bxb1 10. Rxb1 e5 11. Nxc6 bxc6 12. Ba6 Nxe3+ 13. fxe3 Bxc5 14. Ke2 Kd7 15. b4 Be7 16. b5 cxb5 17. Rxb5 Bd6 18. Rb7+ Bc7 19. Rd1+ Kc6 20. Rb4 Rab8 21. Ra4 Rhd8 22. Rxd8 Bxd8 23. Bd3 Bb6 24. Rc4+ Kd6 25. Rb4 g6 26. a4 Rc8 27. Kd2 f5 28. Rb5 e4 29. Bc2 Rd8 30. Bb3 Kc6+ 31. Ke2 Rd3 32. c4 Rxe3+ 33. Kd2 Rd3+ 34. Ke2 a6 35. Re5 Rxb3 36. a5 Bd4 37. Re6+ Kc5 38. Rxa6 Kxc4 39. Rc6+ Kd5 40. Rc7 h5 41. a6 Ra3 42. Rd7+ Ke5 43. Re7+ Kf6 44. Rd7 Ra2+ 45. Kf1 Be3 46. Rd6+ Kg7 47. Rd7+ Kh6 48. Rd6 f4 49. Re6 Ra4 50. h4 Bc5 51. Re5 Bd6 52. Re6 Bc5 53. Re5 Ba7 54. Re6 f3 55. gxf3 exf3 56. Re1 Rxa6 57. Rb1 Bd4 58. Rd1 Ra1 0-1